Conversation /

Gespeichert in:
Bibliographische Detailangaben
Hauptverfasser: Nolasco, Rob (Verfasst von), Arthur, Lois (Verfasst von)
Weitere Verfasser: Maley, Alan (Zusammenstellung)
Format: Buch
Sprache:Englisch
Veröffentlicht: Oxford : The University Press, 1990
Ausgabe:4.impression
Schriftenreihe:Resource Books for Teachers
Tags: Tag hinzufügen
Keine Tags, Fügen Sie das erste Tag hinzu!

MARC

LEADER 00000nam a22000003a 4500
001 stu18005
005 20150617225754.9
008 911017s1990----uk------------------eng-d
020 |a 0 19 437096 8 
040 |a STU  |b slo 
041 0 |a eng 
044 |a uk 
080 |a 802.0 
100 1 |a Maley, Alan  |4 com 
245 1 |a Conversation /  |c [aut.]Nolasco,Rob, Arthur,Lois; Series editor Maley,Alan 
250 |a 4.impression 
260 |a Oxford :  |b The University Press,  |c 1990 
300 |a 148 s 
700 1 |a Nolasco, Rob  |4 aut 
700 1 |a Arthur, Lois  |4 aut 
830 0 |a Resource Books for Teachers 
996 |b C88626  |c C*88626  |l CCXVII  |s P  |a 0  |w stu18005_0001